Analysing media texts (Record no. 5196)
[ view plain ]
| 000 -LEADER | |
|---|---|
| fixed length control field | 00430nam a2200181Ia 4500 |
| 020 ## - INTERNATIONAL STANDARD BOOK NUMBER | |
| ISBN | 0-8264-6470-X |
| 082 ## - DEWEY DECIMAL CLASSIFICATION NUMBER | |
| Classification number | 001.433 BUR-A |
| 100 ## - MAIN ENTRY--AUTHOR NAME | |
| Personal name | Burn, Andrew |
| 245 #0 - TITLE STATEMENT | |
| Title | Analysing media texts |
| 260 ## - PUBLICATION, DISTRIBUTION, ETC. (IMPRINT) | |
| Place of publication | London |
| Name of publisher | Continuum |
| Year of publication | 2005 |
| 300 ## - PHYSICAL DESCRIPTION | |
| Number of Pages | xi, 90 |
| 440 ## - SERIES STATEMENT/ADDED ENTRY--TITLE | |
| Title | Continuum research methods series |
| 650 ## - SUBJECT ADDED ENTRY--TOPICAL TERM | |
| Topical Term | Multimedia systems |
| 650 ## - SUBJECT ADDED ENTRY--TOPICAL TERM | |
| Topical Term | Research |
| 650 ## - SUBJECT ADDED ENTRY--TOPICAL TERM | |
| Topical Term | Methodology |
| 700 ## - ADDED ENTRY--PERSONAL NAME | |
| Personal name | Parker, David |
| 942 ## - ADDED ENTRY ELEMENTS (KOHA) | |
| Koha item type | Books |
| Withdrawn status | Lost status | Damaged status | Not for loan | Home library | Current library | Date acquired | Source of acquisition | Bill Date | Full call number | Accession Number | Price effective from | Koha item type |
|---|---|---|---|---|---|---|---|---|---|---|---|---|
| NASSDOC Library | NASSDOC Library | 28/08/2006 | BATRA | 2006-08-10 | 001.433 BUR-A | 41980 | 18/04/2019 | Books |
